000 00437nam a2200169Ia 4500
003 GCL
008 140319s9999 xx 000 0 eng d
040 _aGCL /
_cGCL
082 0 4 _a005.3
_bM C
100 1 _aMCFEDRIES, PAUL
245 1 0 _aTHE COMPLETE IDIOT'S GUIDE TO WINDOWS 95 /
_cMCFEDRIES, PAUL
260 _a[S.N] :
_bQUE ،
_c1995
300 _a385
650 0 4 _aWINDOWS 95
650 0 4 _aCOMPUTER - PROPGRAMME
942 _2ddc
_cBK
999 _c10379
_d10379